00800nam a2200229Ii 450000100060000000300090000600800410001502000150005604000330007104100080010408200200011210000410013224500440017326400490021730000120026633600260027833700280030433800270033294000520035999900170041195201420042818957CO-ViMGA241108s9999||||xx |||||||||||||| ||und|| a9588156319 aCO-ViMGAbspaerdacCO-ViMGA0 aspa04aR 759.9861 G65a1 aBenjamín Villegas Jiménez94518210aCon la mano izquierda, Mauricio Gómez 1aBogotá, Colombia : Villegas Editores, 2003 avolumen atextbtxt2rdacontent aunmediatedbn2rdamedia avolumebnc2rdacarrier aidficha_siabuc: 18614. -- ficha_no_siabuc:18957 c39681d39681 001040708014aMEVIGERRbMEVIGERRcREFd2016-03-02oR 759.9861 G65apECA15207r2024-11-25 15:06:53tEj.1w2024-11-25yBKz18614 | 23779